Podział administracyjny Czech - Statystyki

Ogólne statystyki
  • Ten quiz został rozwiązany 2 razy
  • Średni wynik to 6 z 14
Statystyki odpowiedzi
Obrazkowy Odpowiedź % Poprawnych
Zliński
100%
Karlowarski
50%
Liberecki
50%
Morawsko-śląski
50%
Ołomuniecki
50%
Pardubicki
50%
Południowoczeski
50%
Południowomorawski
50%
Praga
50%
Środkowoczeski
50%
Wysoczyna
50%
Hradecki
0%
Pilzneński
0%
Ustecki
0%
Nie znaleziono quizów pasujących do podanych kryteriów
Rozkład punktacji
Procent ludzi z każdym wynikiem
Percentyl według liczby udzielonych odpowiedzi
Twoja historia wyników
Nie rozwiązałeś tego quizu